[Event "Buenos Aires Najdorf"]
[Site "Buenos Aires"]
[Date "1993.??.??"]
[Round "3"]
[White "Kamsky, Gata"]
[Black "Seirawan, Yasser"]
[Result "1/2-1/2"]
[WhiteElo "2655"]
[BlackElo "2595"]
[Annotator "Ftacnik,L"]
[PlyCount "40"]
[EventDate "1993.04.??"]
[EventType "tourn"]
[EventRounds "11"]
[EventCountry "ARG"]
[EventCategory "13"]
[SourceTitle "CBM 035"]
[Source "ChessBase"]
[SourceDate "1993.08.01"]
[SourceVersion "1"]
[SourceVersionDate "1993.08.01"]
[SourceQuality "1"]

1. d4 Nf6 2. c4 e6 3. Nf3 d5 4. Nc3 c5 5. cxd5 Nxd5 6. e4 Nxc3 7. bxc3 cxd4 8.
cxd4 Nc6 9. Bc4 Bb4+ 10. Bd2 Bxd2+ 11. Qxd2 O-O 12. O-O b6 13. Rad1 Na5 14. Bd3
Bb7 15. d5 $1 (15. Rfe1 Rc8 16. d5 exd5 17. e5 Nc4 (17... d4 18. Ng5 h6 19. Nh7
Nc4 20. Qb4 Re8 21. Bxc4 Kxh7 22. Bxf7 {0,5/Poecksteiner,J-Kwatschewsky,L/Wien
op/1986/}) 18. Qf4 Rc7 (18... Nb2 19. Bxh7+ Kxh7 20. Ng5+ Kg6 21. h4 Rc4 22.
h5+ Kh6 23. Nxf7+ Kh7 24. Qf5+ $40 {Polugaevsky,L-Tal,M/URS-ch/1969/}) 19.
Bxh7+ Kxh7 20. Ng5+ Kg6 21. h4 Qc8 22. Rd3 f6 23. h5+ Kh6 24. Ne6+ $40 {
Flesch,J-Kovacs,LM/Hungary (ch)/1969/}) 15... exd5 16. e5 d4 $1 17. Ng5 $5 (17.
Nxd4 Qd5 $1 18. Qg5 (18. Nf3 $2 Qc5 $1) 18... h6 19. Qg3 Bc8 20. Bb1 Qc4 21.
Qf3 Be6 22. Qe4 g6 23. Nxe6 Qxe6 24. Rd6 $14 {Lev,R-Onat,I/EU-chT Haifa (3)/
1989/}) 17... h6 18. Nh7 Qh4 $1 (18... Re8 19. Nf6+ gxf6 20. Qxh6 Rxe5 21. Bh7+
Kh8 22. Bg6+ Kg8 23. Qh7+ Kf8 24. Qxf7#) (18... Qd5 19. f3 Rfc8 20. Nf6+ gxf6
21. Qxh6 f5 $1 22. Bxf5 Rc6 23. Qh7+ Kf8 24. Rfe1 $40) 19. Nxf8 Bxg2 20. Kxg2 (
20. Bh7+ Kh8 21. Qxd4 Qxd4 22. Rxd4 Bxf1 23. Kxf1 Rxf8 24. Be4 g5 $15) 20...
Qg4+ 1/2-1/2

[Event "Buenos Aires Najdorf"]
[Site "Buenos Aires"]
[Date "1993.??.??"]
[Round "8"]
[White "Kamsky, Gata"]
[Black "Zarnicki, Pablo Adrian"]
[Result "1-0"]
[WhiteElo "2655"]
[BlackElo "2470"]
[Annotator "Ribli,Z"]
[PlyCount "47"]
[EventDate "1993.04.??"]
[EventType "tourn"]
[EventRounds "11"]
[EventCountry "ARG"]
[EventCategory "13"]
[SourceTitle "CBM 035"]
[Source "ChessBase"]
[SourceDate "1993.08.01"]
[SourceVersion "1"]
[SourceVersionDate "1993.08.01"]
[SourceQuality "1"]

1. c4 e6 2. Nc3 Bb4 3. e4 (3. Qb3 $5 a5 (3... Ba5 4. d4 $14 {Illescas Cordoba,
M-Oll,L/Wijk/1993/Inf56,10/}) 4. a3 Bxc3 5. Qxc3 Nf6 6. d4 O-O 7. Bg5 $14 {
Kasparov,G-Rozentalis,E/Debrecen/Inf56,9/}) 3... c5 4. f4 $5 (4. g3 $6 Nc6 5.
Bg2 Nge7 6. Nge2 O-O 7. O-O $13 {Gulko,B-Adgestein,S/Reykjavik Summit/1990/
CBM18/}) 4... d6 5. Nf3 Nf6 6. Bd3 $1 O-O 7. O-O Nc6 8. b3 Bxc3 $6 (8... b6 9.
Bb2 Bb7 10. Qc2 $14) 9. dxc3 Ne8 10. f5 $1 $36 exf5 11. exf5 Ne5 12. Bc2 f6 13.
Be4 $1 Nc7 (13... Qc7 14. Bd5+ Kh8 15. Nh4 $18) 14. Nxe5 fxe5 (14... dxe5 15.
Qxd8 Rxd8 16. Be3 Na6 17. Rad1 $18) 15. Qh5 $36 Qe8 16. Qh4 Qf7 17. Bg5 d5 18.
cxd5 Nxd5 19. f6 $1 g6 (19... gxf6 20. Bxf6 Nxf6 21. Rxf6 $18) 20. Bxd5 Qxd5
21. f7+ $1 Rxf7 22. Rfd1 Qc6 23. Rd8+ Rf8 24. Bh6 1-0

[Event "Buenos Aires Najdorf"]
[Site "Buenos Aires"]
[Date "1993.??.??"]
[Round "10"]
[White "Kamsky, Gata"]
[Black "Larsen, Bent"]
[Result "1-0"]
[WhiteElo "2655"]
[BlackElo "2540"]
[Annotator "Boensch,U"]
[PlyCount "75"]
[EventDate "1993.04.??"]
[EventType "tourn"]
[EventRounds "11"]
[EventCountry "ARG"]
[EventCategory "13"]
[SourceTitle "CBM 035"]
[Source "ChessBase"]
[SourceDate "1993.08.01"]
[SourceVersion "1"]
[SourceVersionDate "1993.08.01"]
[SourceQuality "1"]

1. e4 c5 2. Nf3 e6 3. d4 cxd4 4. Nxd4 Nc6 5. Nc3 d6 6. Be2 Nf6 7. O-O Be7 8.
Be3 O-O 9. f4 Bd7 10. Qd3 $5 $146 (10. Kh1 Nxd4 11. Bxd4 Bc6 12. Bd3 Nd7 13.
Qf3 a6 (13... Bf6) 14. Qg3 e5 15. fxe5 Bh4 16. Qh3 Nxe5 17. Bxe5 dxe5 18. Bc4
Qe7 $10 {Polgar,J-Sax,G Budapest zt-A (08) 1993 1/2 37}) (10. Nb3 a6 11. a4 b6
(11... Na5 12. e5 Ne8 13. Nxa5 Qxa5 14. Ne4 $6 $146 (14. Qd2 $14) 14... Qc7 15.
Bd4 Bc6 16. Bd3 Bxe4 $1 17. Bxe4 dxe5 18. Bxe5 Bd6 $10 {Sinowjew,J-Boensch,U
Dortmund op-A (08) 1992 0-1 33}) 12. Qe1 Qc7 $2 13. Qf2 $1 $16 {N} Rfb8 $8 14.
Bf3 Be8 15. g4 $40 {(Mainka,Konikowski) Mainka,R-Enders,P BL 1992/93 1-0 40
-Inf.56/256}) 10... a6 (10... Nxd4 $2 11. Bxd4 Bc6 12. Qg3 $16) 11. Rad1 Rc8
12. a3 Qc7 13. Nb3 Rfd8 14. Kh1 b5 15. Bf3 b4 $6 (15... Be8 $10) 16. axb4 Nxb4
17. Qd2 d5 $6 18. e5 Ne4 19. Bxe4 dxe4 20. Qf2 $16 {xb6,c5} Bb5 21. Rxd8+ (21.
Nxb5 axb5 22. Bb6 Rxd1 23. Bxc7 e3 24. Qe2 Rxf1+ 25. Qxf1 Rxc7 $15) 21... Qxd8
22. Rd1 Qe8 23. Bc5 $1 $16 Bxc5 24. Nxc5 e3 25. Qxe3 Nxc2 26. Qf2 Nb4 27. N3e4
Rb8 28. Qg3 Kh8 29. Nd6 Qe7 30. f5 Rf8 31. h3 Nc6 32. f6 $1 $18 gxf6 33. exf6
Qxf6 34. Nd7 Qg7 35. Qxg7+ Kxg7 36. Nxf8 Kxf8 37. Nxb5 axb5 38. Rd6 {Boensch}
1-0

[Event "Buenos Aires Najdorf"]
[Site "Buenos Aires"]
[Date "1993.??.??"]
[Round "11"]
[White "Milos, Gilberto"]
[Black "Kamsky, Gata"]
[Result "1/2-1/2"]
[WhiteElo "2560"]
[BlackElo "2655"]
[Annotator "Ribli,Z"]
[PlyCount "51"]
[EventDate "1993.04.??"]
[EventType "tourn"]
[EventRounds "11"]
[EventCountry "ARG"]
[EventCategory "13"]
[SourceTitle "CBM 035"]
[Source "ChessBase"]
[SourceDate "1993.08.01"]
[SourceVersion "1"]
[SourceVersionDate "1993.08.01"]
[SourceQuality "1"]

1. Nf3 Nf6 2. c4 g6 3. Nc3 d5 4. cxd5 Nxd5 5. Qa4+ Bd7 6. Qh4 Bc6 7. Ne5 (7.
Qd4 $5 f6 8. e4 $5 (8. e3 Bg7 9. Be2 e5 10. Qc4 Nb6 11. Qb3 $14 {Cifuentes
Parada,R-Leko,P/Wijk-op/1993/CBM34/INF56,(20)/}) 8... Nxc3 9. bxc3 e5 (9...
Qxd4 $2 10. Nxd4 Bxe4 11. Ne6 $16) 10. Qe3 $14 {Polgar,Zsu-Peelen,P/Wijk-B/
1990/CBM17/}) 7... Bg7 8. Nxc6 Nxc6 9. e3 O-O 10. Be2 e6 $5 11. Qe4 Nce7 12.
O-O c5 13. Qc2 Rc8 (13... Qa5 $5 $13 {Banas,I-Herbrechtsmeier,C/Viernheim/1992/
EXP33/}) 14. d3 Qd7 15. a3 Nxc3 16. bxc3 b5 17. Bb2 Rfd8 18. Rfd1 a5 19. c4
Bxb2 20. Qxb2 b4 21. axb4 axb4 22. d4 Qc7 23. Rd2 Rd6 24. Rad1 Rcd8 25. g3 R6d7
26. Bf1 1/2-1/2

[Event "Dortmund"]
[Site "Dortmund"]
[Date "1993.??.??"]
[Round "1"]
[White "Kamsky, Gata"]
[Black "Karpov, Anatoly"]
[Result "0-1"]
[WhiteElo "2655"]
[BlackElo "2725"]
[Annotator "Blatny,P"]
[PlyCount "98"]
[EventDate "1993.04.??"]
[EventType "tourn"]
[EventRounds "7"]
[EventCountry "GER"]
[EventCategory "16"]
[SourceTitle "CBM 035"]
[Source "ChessBase"]
[SourceDate "1993.08.01"]
[SourceVersion "1"]
[SourceVersionDate "1993.08.01"]
[SourceQuality "1"]

1. e4 {Kortschnoj Konikowski Ftacnik} c6 2. d4 d5 3. Nd2 dxe4 4. Nxe4 Nd7 5.
Ng5 Ngf6 6. Bd3 e6 7. N1f3 Bd6 8. Qe2 h6 9. Ne4 Nxe4 10. Qxe4 Nf6 11. Qh4 $6 (
11. Qe2 $142 Qc7 12. Bd2 b6 (12... O-O 13. O-O-O c5 14. g4 $5 Nd5 15. g5 $1 Nf4
16. Bxf4 Bxf4+ 17. Kb1 $40 {Malisauskas-Oll/Vilnius zt/1993/}) 13. O-O-O Bb7
14. Kb1 (14. Rhe1 O-O-O 15. Ba6 Rhe8 16. Ne5 Bxe5 17. dxe5 Nd5 18. Bxb7+ Qxb7
19. h4 c5 $10 {Woda-Sapis/Poland/1989/}) 14... O-O-O 15. Ba6 b5 16. Bxb7+ Kxb7
17. c4 bxc4 18. Rc1 Rb8 19. Rxc4 Ka8 20. Rhc1 Rhc8 21. Ne5 Bxe5 22. Qxe5 Qd7
23. f3 Rb6 24. Ba5 $14 {Chandler-Speelman/Hastings/1988/}) (11. Qe2 $14 {
Kortschnoj}) 11... Ke7 $3 $146 {/\12...g7-g5 13.Qh3 e5(g4) -+ ף} (11... Nd5) (
11... Qa5+ 12. Bd2 Qh5 13. Qxh5 Nxh5 14. Ne5 O-O 15. O-O-O c5 (15... Nf6 $142)
(15... Nf6 $5 {Konikowski}) 16. g4 Nf6 17. g5 hxg5 18. Bxg5 Nd5 (18... cxd4 19.
Bxf6 gxf6 20. Rdg1+ Kh8 21. Rg3 Bxe5 22. Rh3+ Kg7 23. Rg1+ $18) 19. Nc4 Bc7 20.
dxc5 $16 {Hector-Hodgson/London/1991/}) 12. Ne5 (12. O-O {Ftacnik} g5 13. Qh3
g4 $19) (12. Nd2 $5 {Konikowski} g5 13. Qh3 Bf4 14. Nb3 e5 15. Bf5 Bxc1 (15...
g4 16. Qd3) 16. Rxc1 exd4 17. O-O $36) 12... Bxe5 13. dxe5 Qa5+ 14. c3 Qxe5+
15. Be3 b6 16. O-O-O g5 17. Qa4 (17. Qh3 c5 18. Rhe1) (17. Qh3 $5 {Konikowski /
\ Rh1-e1}) 17... c5 18. Rhe1 Bd7 19. Qa3 Rhd8 20. g3 (20. f4 $5 gxf4 21. Bd4
Qg5 $1 (21... Qd5 22. Re5 Qxg2 23. Rxc5 $1 bxc5 24. Qxc5+ Ke8 25. Bxf6 $18) (
21... Qc7 22. Be5 Qc6 23. Bxf6+ (23. Bxf4 $5 Qa4 $4 24. Bd6+ $1 Ke8 (24... Kxd6
25. Bb5+ $18) 25. Rxe6+ $3 fxe6 $8 26. Bg6#) 23... Kxf6 24. Be4) 22. Re5 Qh4 $1
{פf6} (22... Qxg2 $2 23. Rxc5 $1 $40) 23. g3 (23. Rf1 {Konikowski} Bc6 24. g3
Qxh2 25. gxf4 Rd6 26. Re2 Qh4 $19) 23... fxg3 24. hxg3 Qxg3 25. Rxc5 $140 $2
bxc5 26. Qxc5+ Ke8 27. Bxf6 Qf4+ $19) (20. b4 $5 {Kortschnoj} Ke8 21. Bxc5 Qxh2
22. Bd4 $16) 20... Qc7 21. Bd4 (21. f4 Ng4 22. Bd4 gxf4 23. h3 Ne3) 21... Be8
$1 22. Kb1 (22. Be5 Qc6 23. Bxf6+ Kxf6 24. Be4 Rxd1+ 25. Kxd1 Rd8+ $17 (25...
Rd8+ {Konikowski} 26. Kc1 Qd7 $17)) 22... Rd5 (22... Bc6 $5 23. Be5 Qd7 24. Bc2
Qb7 $17) (22... Bc6 $5 {Konikowski}) 23. f4 $1 Rad8 (23... gxf4 24. gxf4 Qxf4
$2 25. Rf1 $18) 24. Bc2 $1 (24. Be5 Qc6 $1 (24... Qd7 25. Bc2 {/\c4 [+]}) 25.
c4 R5d7 26. Qc3 Ng4 27. fxg5 hxg5 28. Rf1 Rd4 $1 $15) (24. fxg5 {Ftacnik} hxg5
25. Rf1 e5 26. Rde1 Kf8 27. Rxf6 exd4 $17) 24... R5d6 25. Bxf6+ (25. Be5 {
Ftacnik} Rxd1+ 26. Rxd1 Rxd1+ 27. Bxd1 Qd7 $17) 25... Kxf6 26. fxg5+ hxg5 27.
Rxd6 Rxd6 28. c4 Ke7 29. Qe3 f6 30. h4 gxh4 31. gxh4 Qd7 (31... Qd8 32. Qh6) (
31... Qd8 $5 {Konikowski}) (31... Kd8 $5 {Kortschnoj}) 32. Qh6 e5 $2 (32... Rd2
33. Rf1 (33. Qg7+ Bf7 34. h5 (34. Bg6 Rd1+ 35. Kc2 Qd2+ 36. Kb3 Qb4+ 37. Kc2
Rd2+ $19 (37... Rd2+ 38. Kc1 Qxb2#)) 34... Qd4 $17 (34... Qd4 {Konikowski} 35.
Rc1 Rh2 36. h6 f5 $19)) 33... Qd4 $17) 33. h5 Qg4 (33... Rd2) (33... Rd2 $5 {
Konikowski}) 34. Qh7+ Kd8 35. h6 (35. Qxa7 {Ftacnik} Bxh5 36. Qb8+ Ke7 37. Qc7+
Qd7 $17) 35... Rd2 36. Qf5 (36. Qxa7) (36. Bf5 {Ftacnik} Qd4 37. Bc2 Qxc4 38.
Rc1 Qf7 $17) (36. Qxa7 $5 {Konikowski}) (36. Qxa7 $1 $13 {Kortschnoj}) 36...
Qxf5 37. Bxf5 Bd7 38. Bg6 $2 (38. Kc1 Rd4 39. Bxd7 Rxc4+ $1 (39... Kxd7 $4 40.
Rd1 $18 {Ph}) (39... Rxd7 $2 {Ftacnik} 40. Rd1 $1 $18) 40. Kb1 Rh4 $8 (40...
Kxd7 41. Rh1 $18) 41. Rd1 Rxh6 $14 (41... Rxh6 {Konikowski} 42. Bf5+ Kc7 43.
Rd7+ Kc6 44. Rxa7 $16)) 38... Rh2 39. h7 Ke7 40. Bd3 Be6 41. Rg1 f5 $19 42.
Rg7+ Kf6 43. Rxa7 e4 44. Be2 f4 45. b3 f3 46. Bd1 Bf5 47. Kc1 Bxh7 48. Rb7 Ke5
49. Rxb6 Rxa2 0-1

[Event "Dortmund"]
[Site "Dortmund"]
[Date "1993.??.??"]
[Round "2"]
[White "Dolmatov, Sergey"]
[Black "Kamsky, Gata"]
[Result "0-1"]
[WhiteElo "2615"]
[BlackElo "2655"]
[Annotator "Blatny,P"]
[PlyCount "80"]
[EventDate "1993.04.??"]
[EventType "tourn"]
[EventRounds "7"]
[EventCountry "GER"]
[EventCategory "16"]
[SourceTitle "CBM 035"]
[Source "ChessBase"]
[SourceDate "1993.08.01"]
[SourceVersion "1"]
[SourceVersionDate "1993.08.01"]
[SourceQuality "1"]

1. e4 {Konikowski Ftacnik} e5 2. Nf3 Nc6 3. Bb5 a6 4. Ba4 Nf6 5. O-O Be7 6. Re1
b5 7. Bb3 O-O 8. c3 d5 9. exd5 Nxd5 10. Nxe5 Nxe5 11. Rxe5 c6 12. Re1 (12. Bxd5
cxd5 13. d4 Bd6 14. Re3 Qh4 15. h3 Qf4 16. Re5 Qf6 17. Re1 (17. Re3 $10 {
Adams-Nunn/Wijk op/1993/}) 17... Qg6 18. Kh1 Bf5 19. Be3 Bc2 $10) 12... Bd6 13.
d3 (13. g3 Bb7 (13... Qd7 14. d4 Qh3 15. Bxd5 cxd5 16. Qf3 Bf5 17. Qg2 Qh5 18.
Qxd5 Rfe8 (18... Rae8 $5) 19. Bd2 $8 Rxe1+ 20. Bxe1 Qd1 $5 (20... Re8 $2 21.
Nd2 $16) 21. Qxa8+ (21. Qxf5 $6 Re8 22. Kg2 Rxe1 $40) 21... Bf8 22. Qg2 Bd3 $1
$44 {Donchev-Topalov/Bulgaria ch/1992/}) 14. d3 Qd7 15. Nd2 c5 16. Ne4 Be7 17.
Bg5 f6 18. Bd2 Kh8 19. Qh5 f5 20. Ng5 Bxg5 21. Bxg5 Qc6 22. f3 c4 $36 {Ernst,
T-Sokolov,I/Debrecen/1992/}) 13... Bf5 $5 (13... Qh4 14. g3 Qh3 15. Re4 Bd7 (
15... Qf5 $142 16. Nd2 Qg6 {/\f5}) 16. Nd2 g5 17. Re2 f5 18. c4 $1 f4 19. Qf1
$1 {Ivanchuk-Kamsky/Tilburg/1992/}) 14. Qf3 (14. Bxd5 {Konikowski} cxd5 15. Qf3
Re8 16. Bd2 Qd7 17. h3 Bc7 18. Na3 Qd6 19. g3 Bxh3 $15 {Zajcev-Adorjan,
Polanica Zdroj 1970}) 14... Re8 (14... Qh4 {Konikowski} 15. h3 (15. Qxf5 Qxh2+
16. Kf1 Qh1+ 17. Ke2 Rae8+ 18. Be3 Nxe3 19. Rxh1 Nxf5+ 20. Kf3 g6 $10) 15...
Rae8 16. Rxe8 Rxe8 17. Bd2 Qe7 $2 (17... Nf4 $5 18. Qxc6 Qe7 $44 {A.Rodriquez})
18. Na3 Qe2 19. Qxf5 Qxd2 20. Nc2 $16 {Rodriquez,A-Rubio, Malaga 1991}) 15.
Rxe8+ Qxe8 16. Nd2 (16. Bd2 {Konikowski} Nf4 17. Bc2 Rd8 $17 {Whitaker-Harding,
corr. 1977}) 16... Qe1+ 17. Nf1 Bg6 18. g3 (18. Bxd5 $6 cxd5 19. Qxd5 $6 Rd8 $1
20. Bg5 (20. Qg5 Re8 21. Qd2 Bf4 $3 22. Qc2 Rd8 $1 {/\Bxd3-+ _|_} 23. Rb1)
20... Qxa1 21. Bxd8 Bxh2+ 22. Kxh2 Qxf1 23. Qa8 h6 24. d4 Qe2 $44) (18. h3 {
Konikowski} Re8 19. Bd1 Bh2+ (19... Nxc3 $5 20. bxc3 Qxc3 21. Rb1 Re1 22. Bf4
$14 {Dolmatov}) 20. Kxh2 Qxf1 21. Bd2 Qxd3 22. Qxd3 Bxd3 23. a4 $14 {
Dolmatov-Halifman, Moscow 1990}) 18... Re8 19. Bd1 {/\Bd2} Qe6 20. Bd2 Qh3 21.
a4 (21. Bb3 $5 {Konikowski} Bh5 22. Qg2 Qf5 23. Bxd5 (23. Ne3 $2 Qxd3 24. Bxd5
Qxd2 25. Bxc6 Qxb2 $1 $17) 23... cxd5 24. Ne3 Qxd3 25. Qxd5 Qxd5 26. Nxd5 Bf3 (
26... Re2 27. Re1 $1) 27. Ne3 $14) 21... b4 22. Rc1 (22. c4 $142 {Konikowski}
Ne7 23. d4 c5 24. dxc5 Bxc5 25. Be3 Bd3 26. Bc2 $1 Bxc2 27. Bxc5 Ng6 28. Re1
Bxa4 29. Rxe8+ Bxe8 30. Bxb4 $16) 22... h6 23. c4 (23. cxb4 $1 {Konikowski}
Bxb4 24. Be2 (24. Rxc6 $2 Bxd2 25. Qxd5 Re1 $19) 24... Re6 25. Bxb4 Nxb4 26.
Ne3 Bxd3 27. Bxd3 Nxd3 28. Rxc6 Nxb2 29. Rc8+ Kh7 30. Qxf7 Nd3 (30... Nxa4 31.
Qg8+ Kg6 32. Rc7 $18) 31. Rg8 Rg6 32. Qe8 $18) 23... Ne7 24. d4 Qd7 25. Be3 (
25. c5 $1 {Ftacnik} Bc7 26. Bxb4 Qxd4 27. Qc3 $14) 25... c5 $1 26. dxc5 Be5 27.
Qe2 (27. b3 {Ftacnik} Bb2 28. Rc2 Bc3 $15) 27... Nc6 $44 28. a5 $2 (28. b3 $142
Bd3 29. Qa2 Bd4 $44 (29... Nd4 {Konikowski} 30. Qd2 a5 (30... Bxf1 31. Kxf1 Qc6
32. Kg1 Qxc5 $44) 31. Bxd4 (31. Qxd3 $4 Nf3+ $19) 31... Qxd4 32. Bf3 Bxf1 33.
Qxd4 Bxd4 34. Kxf1 Bxc5 35. Rd1 $14)) 28... Nxa5 29. Bc2 Bxc2 30. Qxc2 b3 31.
Qb1 (31. Qe2 $5 {Konikowski}) 31... Nc6 32. Rd1 Qb7 33. Rd3 a5 34. Nd2 a4 35.
Ne4 Qa6 $1 36. Nd6 Rb8 37. Bf4 Bxb2 $5 (37... Bxf4 38. gxf4 Qa5 39. Rd5 a3 $132
) 38. Nb5 $2 $138 (38. Nxf7 $1 $8 Qxc4 $5 (38... Rb7 39. Nxh6+ gxh6 40. Qxb2 a3
(40... Qxc4 41. Rd6 $132) 41. Qf6 b2 42. Qg6+ Rg7 43. Qe8+ Kh7 44. Qe4+ Kg8 45.
Rd6 $40) (38... Kxf7 39. Bxb8 Qxc4 (39... Nxb8 40. Qxb2 (40. Rd6 $5 Qxc4 41.
Qxb2 Qxc5 42. Rd4 $40) 40... Qxc4 41. Rd4 $16) 40. Rd7+ Ke8 41. Rc7 Qc2 $1 42.
Qe1+ Ne5 $13) (38... a3 39. Nxh6+ $1 Kh8 (39... gxh6 $2 40. Rd7 Bg7 $8 41. Qg6
$18) 40. Nf7+ (40. Rd1 Qxc4 $1 41. Bxb8 Qc2 $3 42. Nf7+ Kg8 43. Be5 Qxb1 44.
Rxb1 Nxe5 45. Nxe5 a2 $19) 40... Kg8 41. Nh6+ $10) 39. Bxb8 Qc2 $1 40. Qe1 Qxd3
41. Qe8+ Kh7 42. Qxc6 a3 43. Qe8 $8 Qd1+ (43... Bf6 44. Qh8+ Kg6 45. Qe8 $3
Qd1+ (45... Kh7 $10) 46. Kg2 b2 (46... a2 $2 47. h4 $1 Qd5+ 48. f3 Kh7 49. Qh8+
Kg6 50. Qg8 $1 $18) (46... Qd5+ $6 47. f3 Kh7 $8 (47... b2 $4 48. Ng5+ Kxg5 49.
h4+ Kf5 50. g4#) 48. h4 $36) 47. h4 $1 b1=Q (47... Qd5+ $6 48. f3 Kh7 49. Qh8+
Kg6 50. Qg8 $1 Qd2+ $8 51. Kh3 h5 $8 52. Qe8 Kh7 53. Qe4+ Kg8 (53... g6 $2 54.
Qb7 Kg8 55. Ne5 Bxe5 56. Bxe5 $18) 54. Qe6 Kh7 $8 55. Qf5+ Kg8 $10 56. Ng5 Bxg5
57. hxg5 Qe1 $1 58. Qd5+ Kh8 59. Qd8+ Kh7 60. Qd3+ $10) 48. Ng5+ Kf5 49. Qe6+
$10) 44. Kg2 Qd5+ 45. f3 a2 46. Be5 $3 Bxe5 (46... Qd2+ $2 47. Kh3 Bxe5 48.
Qh8+ Kg6 49. Nxe5+ $40) 47. Ng5+ $1 hxg5 48. Qh5+ Kg8 49. Qe8+ $10) (38. Qxb2 {
Ftacnik} a3 $19) 38... Be5 $19 {_|_} 39. Rd7 Bxf4 40. Qf5 (40. gxf4 a3 41. Qf5
Rf8 $19) 40... Ne5 (40... Ne5 41. Ra7 (41. gxf4 {Ftacnik} Nxd7 42. Qxd7 b2 43.
Qd3 a3 $19) 41... Qg6 $19 (41... Qg6 42. Qxf4 b2 $19)) 0-1

[Event "Dortmund"]
[Site "Dortmund"]
[Date "1993.??.??"]
[Round "3"]
[White "Kamsky, Gata"]
[Black "Lautier, Joel"]
[Result "1-0"]
[WhiteElo "2655"]
[BlackElo "2645"]
[Annotator "Boensch,U"]
[PlyCount "51"]
[EventDate "1993.04.??"]
[EventType "tourn"]
[EventRounds "7"]
[EventCountry "GER"]
[EventCategory "16"]
[SourceTitle "CBM 035"]
[Source "ChessBase"]
[SourceDate "1993.08.01"]
[SourceVersion "1"]
[SourceVersionDate "1993.08.01"]
[SourceQuality "1"]

1. e4 {Konikowski Ftacnik} c5 2. Nf3 d6 3. d4 cxd4 4. Qxd4 a6 $5 (4... Nc6 5.
Bb5 Bd7 6. Bxc6 Bxc6 7. Nc3 Nf6 (7... h6 $146 8. Be3 Nf6 9. O-O-O e5 10. Qb4
Qb8 (10... d5 $2 11. Qb3 $18) 11. Nd5 Nxd5 12. exd5 Bd7 13. Nd2 a5 14. Qb3 b5
15. f4 $13 {Imanaliev,T-Ajapbergenov,A Bishek 1993 1-0 31 -CBM 35}) 8. Bg5 e6
9. O-O-O Be7 10. Rhe1 O-O 11. Kb1 Re8 $146 (11... Qc7) 12. Qd2 h6 13. Bh4 Rc8
14. Nd4 a6 15. Bg3 d5 16. e5 Nd7 17. f4 $14 {Imanaliev,T-Nenashev,A Bishek zt
1993 1-0 44 -CBM 35}) 5. Bg5 (5. c4 Nc6 6. Qd1 (6. Qd2) 6... g6 (6... Bg4) 7.
Be2 Bg7 8. O-O Nf6 9. Nc3 O-O 10. h3 Nd7 (10... Bd7 11. Be3 Rb8 12. Nd2 $14 {
Mariotti,S-Polugaevsky,L Budapest 1975}) 11. Be3 Nc5 12. Nd4 Nxd4 13. Bxd4 Bxd4
14. Qxd4 e5 15. Qe3 Ne6 16. Rfd1 $14 {Godena,M-Gomez Esteban,JM Lisboa zt (09)
1993 1-0 42 -CBM 35}) 5... Nc6 6. Qd2 Nf6 (6... h6 {Konikowski} 7. Bh4 g5 8.
Bg3 Bg7 9. c3 Nf6 10. Bd3 Nh5 11. Na3 Be6 12. Nc4 (12. Nc2 $5 d5 13. Qe3 $14 {
Polugaevsky}) 12... d5 13. exd5 Bxd5 14. Qe3 Nxg3 15. hxg3 Be6 $10 {
Schroeder-Pytel, Hamburg 1980}) 7. Bd3 (7. Nc3 e6 8. O-O-O h6 9. Bh4 b5 10. e5
dxe5 11. Qxd8+ Nxd8 12. Nxe5 Be7 13. f4 Bb7 $10 {Galdunts,S-Kruppa,Y URS-chJ
Kherson 1991 1-0 46}) (7. Bxf6 $6 gxf6 $10 {^^ /\f5}) 7... e6 8. c4 h6 9. Bf4 (
9. Bh4 $6 g5 $1 10. Bg3 Nh5 11. Nc3 Nxg3 12. hxg3 Bg7 $15) 9... d5 $1 $10 10.
exd5 exd5 11. O-O Be7 12. Nc3 Bg4 $2 (12... dxc4 13. Bxc4 Qxd2 $10 (13... Qxd2
{Ftacnik} 14. Nxd2 O-O 15. Nde4 b5 (15... Rd8 {Konikowski} 16. Rfd1 Bf5 17. Nd6
Bxd6 18. Bxd6 Rd7 $10) 16. Nxf6+ Bxf6 17. Bd5 Bd7 18. Ne4 $14)) (12... Be6 {
Ftacnik} 13. cxd5 Nxd5 14. Be4 Nxf4 15. Qxf4 O-O 16. Bxc6 bxc6 17. Nd4 $14) 13.
cxd5 Bxf3 (13... Nxd5 14. Be4 $16) (13... Nxd5 $8 {Konikowski}) 14. dxc6 (14.
d6 {Ftacnik} Bxd6 15. Qe3+ Qe7 $5 (15... Kf8 16. Bxd6+ Qxd6 17. Qxf3 Ne5 18.
Qg3 $14 (18. Qg3 Nh5 19. Qh4 Nxd3 20. Qxh5 Nxb2 21. Rab1 Qa3 22. Qd5 Qxc3 23.
Qxb7 Re8 24. Rxb2 $14)) 16. Bxd6 Qxe3 17. fxe3 Bh5 $14 (17... Bh5 {Konikowski}
18. Rxf6 $5 gxf6 19. Nd5 Kd7 (19... Kd8 $2 20. Bc7+ Kd7 21. Bf5+ Ke8 22. Nxf6+
Ke7 23. Nxh5 $18) 20. Bf4 $1 Bg6 21. Nb6+ Ke7 22. Bxg6 fxg6 23. Nxa8 Rxa8 24.
Bxh6 g5 25. h4 gxh4 26. Rd1 Ke6 27. Bf4 Ne5 $10)) 14... Bxc6 15. Rad1 O-O (
15... Qa5 {Ftacnik} 16. Rfe1 $16) 16. Bxh6 $3 $18 gxh6 17. Qxh6 Re8 (17... Qb6
18. Rfe1 (18. Rde1 {Konikowski} Qxb2 19. Rxe7 Qxc3 20. Re3 $18) 18... Rfe8 (
18... Qxf2+ 19. Kxf2 Ng4+ 20. Kf1 Nxh6 21. Rxe7 $18) 19. Re3 $18) (17... Qa5 {
Ftacnik} 18. Rfe1 Bd8 (18... Rfe8 19. Re3 {/\ Rg3} (19. Rxe7 Rxe7 20. Qxf6 $18)
) 19. Re3 $18) 18. Bc4 $1 Bd7 (18... Qb6 19. Rd3 $18) (18... Qa5 {Ftacnik} 19.
Rd3 Nh7 20. Bxf7+ (20. Rg3+ Ng5 21. h4) 20... Kxf7 (20... Kh8 21. Bg6 $18) 21.
Qxh7+ Kf8 (21... Ke6 22. Qg6+ Bf6 23. Re1+) 22. Rg3 Bg5 23. f4 Qc5+ 24. Kh1 $18
) 19. Rd4 Bf8 20. Qg6+ Bg7 21. Qxf7+ Kh8 22. Rh4+ Nh7 23. Rxh7+ Kxh7 24. Qh5+
Bh6 25. Bd3+ Kg8 26. Qxh6 {Boensch} (26. Qxh6 Qe7 (26... Be6 {Ftacnik} 27. Bh7+
Kf7 28. Bg6+ Kg8 (28... Ke7 29. Qg7+ Kd6 30. Rd1+) 29. Qh7+ Kf8 30. Qh8+ Bg8
31. Qh6+ Ke7 32. Qg7+ Ke6 33. Re1+ Kd6 34. Rd1+ $18) 27. Nd5 Qg7 28. Nf6+ $18 (
28. Nf6+ {Konikowski} Kf7 29. Qxg7+ Kxg7 30. Nxd7 Rad8 31. Bf5 $18)) 1-0

[Event "Las Vegas National op"]
[Site "Las Vegas"]
[Date "1993.??.??"]
[Round "6"]
[White "Kamsky, Gata"]
[Black "Yermolinsky, Alex"]
[Result "1/2-1/2"]
[WhiteElo "2655"]
[BlackElo "2615"]
[PlyCount "31"]
[EventDate "1993.06.??"]
[EventType "swiss"]
[EventRounds "6"]
[EventCountry "USA"]
[SourceTitle "EXT 1997"]
[Source "ChessBase"]
[SourceDate "1996.11.15"]
[SourceVersion "1"]
[SourceVersionDate "1996.11.15"]
[SourceQuality "1"]

1. e4 c5 2. Nf3 d6 3. d4 cxd4 4. Nxd4 Nf6 5. Nc3 Nc6 6. Bg5 e6 7. Qd2 a6 8.
O-O-O h6 9. Be3 Nxd4 10. Bxd4 b5 11. f4 Be7 12. Bd3 b4 13. Na4 Rb8 14. e5 dxe5
15. Bxe5 Bd7 16. b3 1/2-1/2